000 00807nam a2200253Ia 4500
003 OSt
005 20221005034509.0
006 a|||||r|||| 00| 0
007 ta
008 221004b |||||||| |||| 00| 0 urd d
020 _a9789387829350 (hbk)
_cINR 150.00
024 _a42729
037 _b2143, 16/03/2019, M.R.Publications
_cTextual
040 _aCRL
_cCRL
_burd
041 _2urd
_aurd
082 _aP168:3, 168Q8
100 _aShola Faiz Ahmad Au.
_9587305
245 0 _aMubadiyat-e-arooz
_b fundamentals of prosody
260 _aDelhi
_bEducational publishing house India
_c2018
300 _a124p.
_ccm.
650 _aURDU LANGUAGE - GRAMMAR
942 _hP168:3, 168Q8
_cTEXL
_2cc
999 _c943519
_d943519